Statistics for Adventssalmequiz

Click here to take the quiz!

General Stats

  • This quiz has been taken 16 times
  • The average score is 5 of 15

Answer Stats

HintAnswer% Correct
hver løve og hvert lamTenn lys!
88%
ljoset nytt i natti rannFolkefrelsar, til oss kom
75%
Han er den sanne gledesolGjer døri høg, gjer porten vid!
63%
Selv Sion ble lagt ødeRydd vei for Herrens komme
63%
Det lys som bryter mørkets maktNå tenner vi vår adventskrans
50%
Skyte hvert et vissent treBlomstre som en rosengård skal de øde vanger
38%
Som lynet far, han kommer snarJeg løfter opp til Gud min sang
25%
Bort sorg og saknad or vårt sinn!Opp, gledest alle, gledest no
25%
I Betlehem den fyrste julekveldFrå englemunn dei sæle orda fell
13%
gjør en ende bratt på jordens mørkeKom, konge, kom i morgenglans
13%
Om du bærer tornekronenKonge er du visst
13%
dei lyfter sine vengerLat kvar jordisk skapning teia!
13%
det som ingen vismann vissteUnderlege ting å sjå!
13%
Profetar bod fekk beraDet langt på natt mun vera
0%
Guds folk, sving sigerspalmarGled deg, du Kristi brud
0%

Score Distribution

Percentile by Number Answered

Percent of People with Each Score

Your Score History

You have not taken this quiz